Основы духовно-нравственной культуры народов России. Кн. 3: Путь святых праздников (Запись № 11328641)

Подробности
000 -МАРКЕР
контрольное поле 01850nam2a2200241 4500
001 - ИДЕНТИФИКАТОР ЗАПИСИ
контрольное поле RU\NLR\BIBL_A\011985081
005 - ИДЕНТИФИКАТОР ВЕРСИИ
контрольное поле 20190715115249.0
021 ## - НОМЕР ГОСУДАРСТВЕННОЙ РЕГИСТРАЦИИ
Код страны Российская Федерация
Номер КН-П-19-017986
Номер Листа государственной регистраци КН-П-19-1352
035 ## - ДРУГИЕ СИСТЕМНЫЕ НОМЕРА
Идентификатор записи (NLR Aleph) 011985081
100 ## - ДАННЫЕ ОБЩЕЙ ОБРАБОТКИ
Данные общей обработки 20190410d2019 u y0rusy50 ca
101 0# - ЯЗЫК РЕСУРСА
Язык текста, звукозаписи и т.д. русский
102 ## - СТРАНА ПУБЛИКАЦИИ ИЛИ ПРОИЗВОДСТВА
Страна публикации Российская Федерация
105 ## - ПОЛЕ КОДИРОВАННЫХ ДАННЫХ: ТЕКСТОВЫЕ МАТЕРИАЛЫ, МОНОГРАФИЧЕСКИЕ
Кодированные данные о монографическом текстовом документе a j 000zy
200 1# - ЗАГЛАВИЕ И СВЕДЕНИЯ ОБ ОТВЕТСТВЕННОСТИ
Основное заглавие Путь святых праздников
Сведения, относящиеся к заглавию (от Вербного воскресенья до Успенья)
210 ## - ПУБЛИКАЦИЯ, РАСПРОСТРАНЕНИЕ И ДР.
Дата издания, распространения и т.д. 2019
215 ## - ФИЗИЧЕСКАЯ ХАРАКТЕРИСТИКА
Специфическое обозначение материала и объем 127 с.
Другие сведения о физической характеристике цв. ил.
461 #0 - УРОВЕНЬ НАБОРА
Встроенное поле 001RU\NLR\BIBL_A\011980698
-- 2001#$aОсновы духовно-нравственной культуры народов России$iОсновы православной культуры$e8-й класс$ecемья в календаре православных праздников$eучебное пособие для общеобразовательных школ, лицеев, гимназий$fЛ. Л. Шевченко$vКн. 3
-- 700#1$aШевченко$bЛ. Л.$cд-р пед. наук$gЛюдмила Леонидовна$3RU\NLR\AUTH\7724136
Системный номер (АБИС) связанной записи 11306580
Автор Шевченко, Л. Л. (д-р пед. наук)
Место публикации Москва
Дата публикации 2019
Издание 4-е изд.
Первые сведения об ответственности Л. Л. Шевченко
Заглавие части Основы православной культуры
Имя издателя, распространителя и т.д. Центр поддержки культурно-исторических традиций Отечества
Сведения, относящиеся к заглавию 8-й класс : cемья в календаре православных праздников : учебное пособие для общеобразовательных школ, лицеев, гимназий
Заглавие Основы духовно-нравственной культуры народов России
Номер тома Кн. 3
942 ## - ДОПОЛНИТЕЛЬНЫЕ ЭЛЕМЕНТЫ ЗАПИСИ (АБИС)
Тип экземпляра АБИС Книга
980 ## - КОЛЛЕКЦИЯ
Название коллекции НБР
980 ## - КОЛЛЕКЦИЯ
Название коллекции Национальная библиография

Нет доступных экземпляров.